000 00862nam a22002657a 4500
001 69076
003 UA-OsUOA
005 20220606144941.0
007 ta
008 20100603b un ||||| |||| 00| 0 ukr d
020 _a9669575420
040 _aUA-OsUOA
_brus
_cUA-OsUOA
_dUA-OsUOA
041 _arus
080 _a347.73
090 _a347.73
_bК95
100 _aКучерявенко Н. П.
245 _aКурс налогового права: общая часть
_bв шести томах
260 _aХарків
_bЛегас
_c2004
300 _a600 с.
505 _gТ. ІІ
_tВведение в теорию налогового права
650 7 _a347 Цивільне право. Судовий устрій
_2UDC
942 _cBK
_2udc
955 _a2
999 _c355329
_d355329